Normal view
MARC view
Entry Personal Name
001 - CONTROL NUMBER
- control field: 57866
003 - CONTROL NUMBER IDENTIFIER
- control field: OSt
005 - DATE AND TIME OF LATEST TRANSACTION
- control field: 20160518122843.0
008 - FIXED-LENGTH DATA ELEMENTS
- fixed length control field: 160518|| aca||aabn | a|a d
040 ## - CATALOGING SOURCE
- Original cataloging agency: OSt
- Transcribing agency: OSt
100 ## - HEADING--PERSONAL NAME
- Personal name: सारस्वत, माधवानन्द्र
670 ## - SOURCE DATA FOUND
- Source citation: Work cat.: (OSt)46218: सारस्वत, माधवानन्द्र, रवीन्द्रनाथ टैगोर की सम्पूर्ण कहानियॉ, 2010









